[Event "Pan American-ch U16"]
[Site "Cali"]
[Date "2011.07.06"]
[Round "6"]
[White "Manchego Martell, Abel"]
[Black "Jaramillo Ochoa, Mateo"]
[Result "0-1"]
[WhiteElo "1672"]
[BlackElo "1925"]
[PlyCount "136"]
[EventDate "2011.07.03"]
[EventType "swiss"]
[EventRounds "9"]
[EventCountry "COL"]
[SourceTitle "CBM 143 Extra"]
[Source "ChessBase"]
[SourceDate "2011.08.29"]
[SourceVersion "1"]
[SourceVersionDate "2011.08.29"]
[SourceQuality "1"]

1. c4 Nf6 2. Nf3 g6 3. g3 Bg7 4. Bg2 0-0 5. d4 d6 6. Nc3 Nc6 7. e4 e5 8. Be3 Ng4 9. Bg5 f6 10. Bc1 f5 11. Bg5 Qe8 12. Nd5 Qf7 13. exf5 e4 14. Nh4 Bxf5 15. 0-0 Nxd4 16. Nxf5 gxf5 17. Be7 Rfe8 18. Bg5 Ne5 19. Kh1 Nxc4 20. Nxc7 Qxc7 21. Rc1 Qf7 22. b3 Nb6 23. Be3 Qf6 24. Rc7 Ne6 25. Rxb7 Re7 26. Rxe7 Qxe7 27. Bh3 Rf8 28. Qd2 Nc5 29. Bxc5 dxc5 30. Rc1 Nd7 31. Qd5+ Qf7 32. Qd6 Be5 33. Qh6 Bd4 34. Rc4 Bxf2 35. Rxe4 Qg6 36. Qxg6+ hxg6 37. Re7 Rf7 38. Re6 Kg7 39. Bg2 Nf8 40. Re2 Bd4 41. Bd5 Rd7 42. Bc6 Rc7 43. Bd5 Bf6 44. Kg2 Re7 45. Rc2 Bd4 46. Bc4 Nd7 47. Rd2 Ne5 48. Re2 Kf6 49. Bb5 Ng4 50. Rxe7 Kxe7 51. h3 Ne5 52. Kf1 Kf6 53. Ke2 g5 54. Ba6 f4 55. gxf4 gxf4 56. Bb7 Kg5 57. Be4 Kh4 58. Bf5 Kg3 59. Kf1 f3 60. Be6 f2 61. Bd5 Nf3 62. Bxf3 Kxf3 63. h4 Kg4 64. Kg2 Kxh4 65. a3 a5 66. a4 Kg4 67. Kf1 Kf3 68. b4 axb4 0-1